Statistics for People with P initials #2

Click here to take the quiz!

General Stats

  • This quiz has been taken 26 times
  • The average score is 11 of 20

Answer Stats

Initials Clue Person % Correct
PB90's James BondPierce Brosnan
89%
PMHe formed a band with John, Ringo and GeorgePaul McCartney
89%
PAC.J. Parker from "Baywatch"Pamela Anderson
78%
PENotorious Colombian drug lordPablo Escobar
78%
PJ"The Lord of the Rings" directorPeter Jackson
72%
PC"In the air tonight", "Another day in paradise"Phil Collins
72%
PSYou can call him Jean-Luc Picard or Professor XavierPatrick Stewart
61%
PWLeader of the band N*E*R*D and "Happy" singerPharrell Williams
61%
PH"Capote", "Hunger Games", "The boat that rocked"Philip Seymour Hoffman
56%
PLGerman football player, captain of the 2014 World Cup winning teamPhilipp Lahm
56%
PPBoston Celtics legend, #34, "The Truth"Paul Pierce
50%
PGNBA star who played for the Pacers and now the OKC ThunderPaul George
44%
PNChilean poet who won the Nobel Prize for LiteraturePablo Neruda
44%
PT"The Nutcracker" and "Swan Lake" composerPyotr Tchaikovsky
44%
PDEnglish singer and former lover of Kate MossPete Doherty
39%
PIEnglish football player with 53 international capsPaul Ince
33%
PFFrench mathematician who developped infinitesimal calculusPierre Fermat
33%
PRHe is Marvel's Ant-ManPaul Rudd
28%
PVFrench poet who had a romance with RimbaudPaul Verlaine
28%
PKArtist who painted "Twittering Machine"Paul Klee
17%

Score Distribution

Percentile by Number Answered

Percent of People with Each Score

Your Score History

You have not taken this quiz